000 00442nam a22001697a 4500
003 koha_MIRAKIL
005 20231213095632.0
008 231213b |||||||| |||| 00| 0 ||| d
040 _aTR-IsEVY
_btur
_cTR-IsEVY
082 _a030 ABE/T
100 _aABENSOUR, CHRISTOPHE.
245 0 _aTHEMA LAROUSSE (TEMATİK ANSİKLOPEDİ).
260 _bMilliyet,
_c1994
300 _a541.
650 _aGenel Ansiklopedik eserler.
942 _2ddc
_cBK
999 _c6907
_d6907